000 00384nam a2200133Ia 4500
005 20260328101531.0
008 260328s9999||||xx |||||||||||||| ||und||
100 _aRodríguez Suarez, Francisco Javier
245 0 _aVivir en la Ciudad / Living in the City /
_cFrancisco Javier Rodríguez Suarez
260 _b(in)Forma
300 _a157 p.
650 _aARQUITECTURA CIVIL
942 _cBK
999 _c9988
_d9988